| 000 | 01165nam0a22003011 4500 | ||
|---|---|---|---|
| 001 | rc\2360193 | ||
| 005 | 20250210150639.0 | ||
| 035 | _a(NLR Aleph) 006684787 | ||
| 090 |
_a5106713 _c5106713 |
||
| 100 | _a20110829d1977 |||y0rusy50 ca | ||
| 101 | 0 | _arus | |
| 102 | _aRU | ||
| 105 | _aa z ||||| | ||
| 200 | 1 |
_aБиологические свойства и изменчивость вирусов лошадиных энцефаломиелитов _fЮ.В. Федоров, Р.Г. Соляник |
|
| 210 |
_aТомск _cИзд-во Том. ун-та _d1977 |
||
| 215 |
_a151 с. _cил. _d21 |
||
| 320 | _aСписок лит.: с. 131-150 | ||
| 606 |
_aЭнцефаломиелит лошадиный _xВирус _2rkp |
||
| 700 | 1 |
_aФедоров _bЮ. В. _cд-р мед. наук, вирусология _f1930-1998 _gЮрий Васильевич _3RU\NLR\AUTH\770276865 |
|
| 701 | 1 |
_aСоляник _bР. Г. _gРоза Георгиевна |
|
| 801 | 0 |
_aRU _bNLR _gpsbo |
|
| 801 | 1 |
_aRU _bELAR _2rusmarc |
|
| 852 |
_aNLR _j77-5/8134 |
||
| 899 |
_aRuMoRGB _jБ 77-10/1212 |
||
| 899 |
_aRuMoRGB _jБ 77-10/1213 |
||
| 942 | _cBOOK | ||
| 980 | _aNB | ||